=LDR 00000nam 2200000 4500 =001 INLIS000000000053379 =005 20210415113316 =035 ##$$a 0010-0918000011 =008 210415################g##########0#ind## =082 ##$$a 330.959 8 =084 ##$$a 330.959 8 LAP l =245 ##$$a Laporan prerkonomian Indonesia 2007 /$c Badan Pusat Statistik =260 ##$$a Jakarta :$b Badan Pusat Statistik,$c 2008 =300 ##$$a xvi, 132 hlm. : $b ilus. ; $c 25 x18 cm. =650 #4$$a Ekonomi - Laporan =710 #$$a Badan Pusat Statistik =990 ##$$a 30802234